000 00282nam a22001217a 4500
008 170922b xxu||||| |||| 00| 0 eng d
041 _aeng
080 _a902
100 _a45
101 _aARK
245 _aLAROUSSE OF ENCYCLOPEDIA OF ARCHAEOLOGY
_cPICAROL, G.CH
942 _2udc
_cBK
999 _c28916
_d28916